[Event "Muensterland Regionalliga 1617"]
[Site "Germany"]
[Date "2016.09.17"]
[Round "1.6"]
[White "Borrink, Guido"]
[Black "Teloeken, Andreas"]
[Result "1/2-1/2"]
[WhiteElo "1625"]
[BlackElo "1980"]
[PlyCount "51"]
[EventDate "2016.09.17"]
[EventType "team"]
[EventRounds "9"]
[EventCountry "GER"]
[SourceTitle "EXT 2018"]
[Source "ChessBase"]
[SourceDate "2017.10.13"]
[SourceVersion "1"]
[SourceVersionDate "2017.10.13"]
[SourceQuality "1"]
[WhiteTeam "Muenster SK III"]
[BlackTeam "Suedlohn"]
[WhiteTeamCountry "GER"]
[BlackTeamCountry "GER"]

1. d4 e6 2. Nf3 f5 3. Bg5 Be7 4. Bxe7 Qxe7 5. e3 Qb4+ 6. Nbd2 Qxb2 7. Ne5 Nf6 8. Be2 Nc6 9. Nd3 Qa3 10. Bf3 Qe7 11. Rb1 d5 12. c4 0-0 13. 0-0 Nd8 14. c5 c6 15. Be2 Ne4 16. Qc2 Nxd2 17. Qxd2 Qc7 18. a4 Bd7 19. a5 Be8 20. Rb2 Rf6 21. Ne5 Rh6 22. f4 Qe7 23. g3 Bh5 24. Bxh5 Rxh5 25. Qe2 Rh6 26. a6 1/2-1/2

[Event "Niedersachsen-ch op-A"]
[Site "Verden"]
[Date "2015.01.03"]
[Round "4"]
[White "Borrink, Guido"]
[Black "Zucker, Stefan"]
[Result "1/2-1/2"]
[WhiteElo "1599"]
[BlackElo "1908"]
[PlyCount "70"]
[EventDate "2015.01.02"]
[EventType "swiss"]
[EventRounds "7"]
[EventCountry "GER"]
[SourceTitle "EXT 2018"]
[Source "ChessBase"]
[SourceDate "2017.10.13"]
[SourceVersion "1"]
[SourceVersionDate "2017.10.13"]
[SourceQuality "1"]

1. d4 Nf6 2. Nf3 g6 3. g3 Bg7 4. Bg2 d5 5. 0-0 Nbd7 6. Nbd2 c6 7. c3 0-0 8. Re1 a5 9. Nh4 e5 10. e4 a4 11. Nhf3 Nxe4 12. Nxe5 Nxe5 13. dxe5 Nc5 14. Nf3 h6 15. Nd4 Ne4 16. f3 Ng5 17. f4 Ne4 18. Be3 a3 19. Bxe4 dxe4 20. b4 Bh3 21. Qb3 Qc8 22. Nc2 Qg4 23. Qc4 Qh5 24. Qxe4 Bf5 25. Qg2 Rfd8 26. Nd4 Bh3 27. Qf2 Bf8 28. Rab1 Rd7 29. Bc1 Rad8 30. Bxa3 b6 31. Bc1 c5 32. bxc5 Bxc5 33. Be3 Rd5 34. Red1 Bg4 35. Rd2 Be6 1/2-1/2

[Event "Lippe Cup-B 07th"]
[Site "Lieme"]
[Date "2010.10.17"]
[Round "5"]
[White "Jaeckel, Constanze"]
[Black "Borrink, Guido"]
[Result "0-1"]
[WhiteElo "1111"]
[BlackElo "1306"]
[PlyCount "78"]
[EventDate "2010.10.15"]
[EventType "swiss"]
[EventRounds "5"]
[EventCountry "GER"]
[SourceTitle "EXT 2012"]
[Source "ChessBase"]
[SourceDate "2011.11.24"]
[SourceVersion "1"]
[SourceVersionDate "2011.11.24"]
[SourceQuality "1"]

1. d4 Nf6 2. Nf3 e6 3. e3 c5 4. Bd3 Nc6 5. a3 b6 6. b3 Bb7 7. Bb2 g6 8. Nbd2 Bg7 9. 0-0 0-0 10. Re1 d6 11. c4 d5 12. Ne5 Nxe5 13. dxe5 Nd7 14. Nf3 Qc7 15. Qe2 Nxe5 16. Nxe5 Bxe5 17. Bxe5 Qxe5 18. f4 Qd6 19. Rad1 Qc6 20. Qf3 Rad8 21. e4 d4 22. Rd2 f6 23. Rf2 Rde8 24. Be2 Qxe4 25. Qxe4 Bxe4 26. Bf3 Bxf3 27. Rxf3 Rf7 28. h4 Rfe7 29. Rg3 e5 30. f5 Kf7 31. Rf1 e4 32. fxg6+ hxg6 33. Rf4 e3 34. Rfg4 e2 35. Kh2 Re4 36. h5 Rxg4 37. Rxg4 g5 38. h6 e1Q 39. h7 Rh8 0-1

[Event "Lippe Cup-B 07th"]
[Site "Lieme"]
[Date "2010.10.15"]
[Round "1"]
[White "Rehbein, Ulrich"]
[Black "Borrink, Guido"]
[Result "0-1"]
[WhiteElo "1628"]
[BlackElo "1306"]
[PlyCount "72"]
[EventDate "2010.10.15"]
[EventType "swiss"]
[EventRounds "5"]
[EventCountry "GER"]
[SourceTitle "EXT 2012"]
[Source "ChessBase"]
[SourceDate "2011.11.24"]
[SourceVersion "1"]
[SourceVersionDate "2011.11.24"]
[SourceQuality "1"]

1. Nf3 Nf6 2. c4 Nc6 3. d4 e6 4. d5 exd5 5. cxd5 Bb4+ 6. Nc3 Ne7 7. d6 Bxd6 8. Bg5 Ng6 9. e4 0-0 10. Bc4 Bb4 11. 0-0 Bxc3 12. bxc3 h6 13. Bxf6 Qxf6 14. Qb3 d6 15. Rfe1 Rb8 16. Nd4 Bd7 17. Re3 Ne5 18. Be2 a6 19. Rg3 c5 20. Nf3 b5 21. Rd1 Rfd8 22. Qc2 c4 23. Nd4 Nc6 24. Nf3 Be6 25. Rf1 d5 26. exd5 Rxd5 27. Rd1 Rxd1+ 28. Bxd1 Bf5 29. Qd2 Rd8 30. Qc1 Qd6 31. Be2 Bd3 32. Bxd3 Qxd3 33. h3 Qd1+ 34. Qxd1 Rxd1+ 35. Kh2 Ra1 36. Nh4 Rxa2 0-1

[Event "Niedersachsen-ch op"]
[Site "Verden"]
[Date "2009.01.04"]
[Round "3"]
[White "Raulf, Christopher"]
[Black "Borrink, Guido"]
[Result "1-0"]
[WhiteElo "1905"]
[BlackElo "989"]
[PlyCount "47"]
[EventDate "2009.01.03"]
[EventType "swiss"]
[EventRounds "7"]
[EventCountry "GER"]
[SourceTitle "EXT 2012"]
[Source "ChessBase"]
[SourceDate "2011.11.24"]
[SourceVersion "1"]
[SourceVersionDate "2011.11.24"]
[SourceQuality "1"]

1. e4 e5 2. Nf3 d6 3. d4 f6 4. Bc4 Ne7 5. dxe5 fxe5 6. Ng5 Qd7 7. Bf7+ Kd8 8. Ne6+ Qxe6 9. Bxe6 Bxe6 10. Nc3 Nd7 11. 0-0 Bc4 12. Ne2 Ng6 13. b3 Bb5 14. c4 Bc6 15. Nc3 Nf6 16. f3 Nh5 17. Nd5 Be8 18. c5 Bb5 19. Rf2 Kc8 20. a4 Be8 21. Bg5 c6 22. cxd6 Bxd6 23. Nb6+ Kc7 24. Nxa8+ 1-0

[Event "Niedersachsen-ch op"]
[Site "Verden"]
[Date "2009.01.03"]
[Round "2"]
[White "Borrink, Guido"]
[Black "Bischoff, Norbert"]
[Result "1/2-1/2"]
[WhiteElo "989"]
[BlackElo "1383"]
[PlyCount "75"]
[EventDate "2009.01.03"]
[EventType "swiss"]
[EventRounds "7"]
[EventCountry "GER"]
[SourceTitle "EXT 2012"]
[Source "ChessBase"]
[SourceDate "2011.11.24"]
[SourceVersion "1"]
[SourceVersionDate "2011.11.24"]
[SourceQuality "1"]

1. d4 d5 2. Bf4 Bf5 3. Nf3 Nd7 4. c4 e6 5. Nc3 c6 6. e3 Ngf6 7. Bd3 Bxd3 8. Qxd3 dxc4 9. Qxc4 Nb6 10. Qb3 Be7 11. Rd1 0-0 12. 0-0 Nfd5 13. Nxd5 exd5 14. Rfe1 Bd6 15. Bxd6 Qxd6 16. e4 Rfe8 17. e5 Qd7 18. Qc2 Qg4 19. Qc1 h6 20. h3 Qe6 21. Re2 Nd7 22. Rd3 Nf8 23. a3 Qe7 24. Rb3 Ne6 25. Qd2 Red8 26. Qb4 Qxb4 27. Rxb4 Rd7 28. Re3 c5 29. dxc5 Nxc5 30. Rc3 Rc8 31. Kf1 Rdc7 32. Ke2 Ne4 33. Rxc7 Rxc7 34. Nd4 a6 35. Nf5 Nc5 36. Ke3 Ne6 37. Nd6 b5 38. Rb3 1/2-1/2

[Event "GER-ch U10"]
[Site "Willingen"]
[Date "2008.05.11"]
[Round "7"]
[White "Boes, Julian"]
[Black "Borrink, Guido"]
[Result "0-1"]
[WhiteElo "966"]
[BlackElo "1098"]
[PlyCount "74"]
[EventDate "2008.05.11"]
[EventType "swiss"]
[EventRounds "11"]
[EventCountry "GER"]
[SourceTitle "CBM 124 Extra"]
[Source "ChessBase"]
[SourceDate "2008.07.03"]
[SourceVersion "1"]
[SourceVersionDate "2008.07.03"]
[SourceQuality "1"]

1. e4 e6 2. d4 d5 3. exd5 exd5 4. Nf3 Bd6 5. Nc3 c6 6. Be2 Bf5 7. 0-0 Nf6 8. Bg5 Nbd7 9. Re1 0-0 10. a3 a5 11. Bxf6 Nxf6 12. Ne5 Re8 13. Nd3 Qc7 14. h3 b5 15. b4 Qd7 16. bxa5 Rxa5 17. Nb4 Bxh3 18. g3 Qc7 19. f4 Re3 20. Kh2 Bxf4 21. Kh1 Bxg3 22. Rg1 Bh2 23. Re1 Bg2+ 24. Kxg2 Qg3+ 25. Kh1 Rxc3 26. Bd3 Qh3 27. Re2 Bf4+ 28. Kg1 Be3+ 29. Rxe3 Qxe3+ 30. Kf1 Ne4 31. Bxe4 dxe4 32. d5 Qh3+ 33. Ke1 Rf3 34. Kd2 Qg2+ 35. Qe2 Rf2 36. Re1 Rxe2+ 37. Rxe2 Qg5+ 0-1

[Event "GER-ch U10"]
[Site "Willingen"]
[Date "2008.05.11"]
[Round "9"]
[White "Heinemann, Josefine"]
[Black "Borrink, Guido"]
[Result "1-0"]
[WhiteElo "941"]
[BlackElo "1098"]
[PlyCount "53"]
[EventDate "2008.05.11"]
[EventType "swiss"]
[EventRounds "11"]
[EventCountry "GER"]
[SourceTitle "CBM 124 Extra"]
[Source "ChessBase"]
[SourceDate "2008.07.03"]
[SourceVersion "1"]
[SourceVersionDate "2008.07.03"]
[SourceQuality "1"]

1. e4 e6 2. d4 d5 3. e5 c5 4. Nf3 Qb6 5. b3 Nc6 6. c3 Nh6 7. h3 Be7 8. Be3 Nf5 9. Be2 cxd4 10. cxd4 Bd7 11. Nc3 Rc8 12. Rc1 Bb4 13. 0-0 Ncxd4 14. Nxd4 Nxe3 15. fxe3 Bxc3 16. Bh5 Bxd4 17. Rxc8+ Bxc8 18. Bxf7+ Ke7 19. exd4 g6 20. Qd2 Rf8 21. Qg5+ Kd7 22. Bxe6+ Ke8 23. Rxf8+ Kxf8 24. Qf6+ Ke8 25. Qf7+ Kd8 26. Qf8+ Kc7 27. Qxc8# 1-0

[Event "Niedersachsen-ch U10"]
[Site "Rotenburg"]
[Date "2008.03.18"]
[Round "7"]
[White "Boehning, Kilian"]
[Black "Borrink, Guido"]
[Result "1/2-1/2"]
[WhiteElo "819"]
[BlackElo "1018"]
[PlyCount "55"]
[EventDate "2008.03.15"]
[EventType "swiss"]
[EventRounds "11"]
[EventCountry "GER"]
[SourceTitle "EXT 2009"]
[Source "ChessBase"]
[SourceDate "2008.11.26"]
[SourceVersion "1"]
[SourceVersionDate "2008.11.26"]
[SourceQuality "1"]

1. d4 e6 2. Nc3 d5 3. Nf3 c5 4. Be3 Qb6 5. Na4 Qb4+ 6. c3 Qa5 7. Nxc5 b6 8. b4 Qb5 9. Nb3 Nd7 10. Bf4 Qc6 11. Qc2 Bb7 12. e3 Be7 13. a4 a6 14. b5 Qc8 15. c4 dxc4 16. Qxc4 Bd5 17. Qxc8+ Rxc8 18. Rc1 Bb4+ 19. Nfd2 Bxd2+ 20. Kxd2 Rxc1 21. Nxc1 Ngf6 22. f3 0-0 23. bxa6 Ra8 24. Be2 Bc6 25. Na2 Bxa4 26. Nc3 Bc6 27. Ra1 Rd8 28. Ke1 1/2-1/2

[Event "Niedersachsen-ch U10"]
[Site "Rotenburg"]
[Date "2008.03.17"]
[Round "5"]
[White "Peters, Tom"]
[Black "Borrink, Guido"]
[Result "0-1"]
[WhiteElo "1169"]
[BlackElo "1018"]
[PlyCount "58"]
[EventDate "2008.03.15"]
[EventType "swiss"]
[EventRounds "11"]
[EventCountry "GER"]
[SourceTitle "EXT 2009"]
[Source "ChessBase"]
[SourceDate "2008.11.26"]
[SourceVersion "1"]
[SourceVersionDate "2008.11.26"]
[SourceQuality "1"]

1. e4 e6 2. d4 d5 3. Nd2 c5 4. Ngf3 Qb6 5. a4 Nc6 6. Bb5 Bd7 7. exd5 exd5 8. 0-0 cxd4 9. Bxc6 bxc6 10. Nb3 Bd6 11. Nbxd4 Ne7 12. b3 0-0 13. Bb2 c5 14. Ne2 Bg4 15. Ng3 c4 16. h3 Bxh3 17. gxh3 Bxg3 18. Kg2 Bc7 19. a5 Qg6+ 20. Kh1 Qc6 21. Qd4 Nf5 22. Qg4 Qg6 23. Qxg6 fxg6 24. Ng5 Rae8 25. b4 Bd6 26. b5 Rb8 27. h4 Rxb5 28. Rfb1 Rfb8 29. Ra2 Be5 0-1

[Event "GER-ch U10"]
[Site "Willingen"]
[Date "2007.06.01"]
[Round "9"]
[White "Petermann, Tessa"]
[Black "Borrink, Guido"]
[Result "0-1"]
[WhiteElo "931"]
[BlackElo "1009"]
[PlyCount "40"]
[EventDate "2007.05.26"]
[EventType "swiss"]
[EventRounds "11"]
[EventCountry "GER"]
[SourceTitle "CBM 118 Extra"]
[Source "ChessBase"]
[SourceDate "2007.07.04"]
[SourceVersion "1"]
[SourceVersionDate "2007.07.04"]
[SourceQuality "1"]

1. e4 e6 2. d4 d5 3. exd5 exd5 4. Nf3 Bg4 5. Be2 Bd6 6. 0-0 Ne7 7. Nc3 c6 8. Re1 0-0 9. Bg5 Re8 10. Nh4 Bxe2 11. Rxe2 f6 12. Bd2 Nd7 13. Qe1 Kf8 14. Re6 Qc7 15. h3 Rac8 16. Qe3 c5 17. dxc5 Nxc5 18. Rxd6 Qxd6 19. Nb5 Qb6 20. Nd4 Nf5 0-1

[Event "GER-ch U10"]
[Site "Willingen"]
[Date "2007.05.28"]
[Round "5"]
[White "Borrink, Guido"]
[Black "Diederichs, Luise"]
[Result "1/2-1/2"]
[WhiteElo "1009"]
[BlackElo "871"]
[PlyCount "49"]
[EventDate "2007.05.26"]
[EventType "swiss"]
[EventRounds "11"]
[EventCountry "GER"]
[SourceTitle "CBM 118 Extra"]
[Source "ChessBase"]
[SourceDate "2007.07.04"]
[SourceVersion "1"]
[SourceVersionDate "2007.07.04"]
[SourceQuality "1"]

1. d4 d5 2. Bf4 Bf5 3. Nf3 Nc6 4. Nbd2 Nb4 5. e4 Bxe4 6. Nxe4 dxe4 7. Nd2 Nf6 8. Nc4 e6 9. c3 Nc6 10. Qb3 b6 11. g3 Qd5 12. Bg2 Bd6 13. Nxd6+ cxd6 14. Qxd5 exd5 15. Bxd6 Rd8 16. Bf4 h6 17. h4 0-0 18. 0-0 Rfe8 19. Rfe1 a5 20. Bc7 Rc8 21. Bxb6 Nd7 22. Bc5 Nxc5 23. dxc5 Ne5 24. b4 Nd3 25. Reb1 1/2-1/2

[Event "GER-ch U10"]
[Site "Willingen"]
[Date "2007.05.27"]
[Round "2"]
[White "Mainik, Philipp"]
[Black "Borrink, Guido"]
[Result "0-1"]
[WhiteElo "1451"]
[BlackElo "1009"]
[PlyCount "66"]
[EventDate "2007.05.26"]
[EventType "swiss"]
[EventRounds "11"]
[EventCountry "GER"]
[SourceTitle "CBM 118 Extra"]
[Source "ChessBase"]
[SourceDate "2007.07.04"]
[SourceVersion "1"]
[SourceVersionDate "2007.07.04"]
[SourceQuality "1"]

1. e4 e6 2. d4 d5 3. Nc3 Bb4 4. e5 c5 5. Nf3 Nc6 6. a3 Bxc3+ 7. bxc3 Nge7 8. Be2 c4 9. Bd2 Bd7 10. 0-0 Qc7 11. Re1 0-0-0 12. Rb1 Rdg8 13. Ng5 Be8 14. Bg4 Qd7 15. Qf3 Rf8 16. Rb2 h5 17. Bxh5 f6 18. Bxe8 Qxe8 19. Nxe6 Rf7 20. Reb1 b6 21. Qg4 Qd7 22. f3 f5 23. Nxg7 fxg4 24. e6 Qd6 25. exf7 Qxh2+ 26. Kf2 gxf3 27. Kxf3 Rf8 28. Bf4 Rxf7 29. g3 Ng6 30. Ne8 Kd7 31. Re1 Nxf4 32. gxf4 Qxf4+ 33. Ke2 Re7+ 0-1

[Event "Niedersachsen-ch U10"]
[Site "Rotenburg/Wuemme"]
[Date "2007.04.05"]
[Round "10"]
[White "Peters, Tom"]
[Black "Borrink, Guido"]
[Result "0-1"]
[WhiteElo "953"]
[BlackElo "882"]
[PlyCount "30"]
[EventDate "2007.03.31"]
[EventType "swiss"]
[EventRounds "11"]
[EventCountry "GER"]
[SourceTitle "EXT 2008"]
[Source "ChessBase"]
[SourceDate "2007.11.25"]
[SourceVersion "1"]
[SourceVersionDate "2007.11.25"]
[SourceQuality "1"]

1. e3 e5 2. e4 Nf6 3. Nf3 Nc6 4. Nc3 Bc5 5. Nxe5 Nxe5 6. d4 Bd6 7. f4 Bb4 8. fxe5 Nxe4 9. Bd2 Nxc3 10. bxc3 Qh4+ 11. Ke2 d5 12. cxb4 Bg4+ 13. Kd3 Bxd1 14. Rxd1 0-0 15. c3 Qe4# 0-1

[Event "Niedersachsen-ch U10"]
[Site "Rotenburg/Wuemme"]
[Date "2007.04.03"]
[Round "5"]
[White "Bach, Jannik"]
[Black "Borrink, Guido"]
[Result "1-0"]
[WhiteElo "1238"]
[BlackElo "882"]
[PlyCount "109"]
[EventDate "2007.03.31"]
[EventType "swiss"]
[EventRounds "11"]
[EventCountry "GER"]
[SourceTitle "EXT 2008"]
[Source "ChessBase"]
[SourceDate "2007.11.25"]
[SourceVersion "1"]
[SourceVersionDate "2007.11.25"]
[SourceQuality "1"]

1. e4 e5 2. Bc4 Nc6 3. d3 h6 4. Nc3 Bc5 5. Qe2 Nf6 6. f4 d6 7. f5 b6 8. Be3 Nd4 9. Bxd4 Bxd4 10. 0-0-0 Bb7 11. h3 d5 12. exd5 Bxd5 13. Nxd5 Nxd5 14. c3 Be3+ 15. Kb1 Qg5 16. Bxd5 Rd8 17. Bc6+ Kf8 18. Nf3 Qf4 19. g3 Qxg3 20. Qxe3 Rd6 21. Bb7 f6 22. Rdg1 Qf4 23. Qxf4 exf4 24. Be4 Rg8 25. Kc2 h5 26. Nd4 c5 27. Nb5 Rd7 28. Rf1 a6 29. Na3 Rc7 30. Rxf4 b5 31. Rf2 b4 32. cxb4 cxb4+ 33. Nc4 a5 34. Rg1 a4 35. Bf3 h4 36. b3 a3 37. Bd5 Rh8 38. Rf4 Rc5 39. Be6 Rc6 40. Rd4 Rh7 41. Rgg4 Ra6 42. Rxh4 Rxh4 43. Rxh4 Ke7 44. Rd4 Ra7 45. h4 Rb7 46. h5 Ra7 47. Kd2 Rc7 48. Ke3 Rb7 49. Ke4 Ra7 50. Rd7+ Rxd7 51. Bxd7 Kxd7 52. Kd5 Kc7 53. Ke6 Kc6 54. Kf7 Kd5 55. Kxg7 1-0